000 00643nam a2200193 i 4500
001 50166
003 ES-MaACL
005 20250811071519.0
007 t|
008 030731s1951 sp ||||1| spa d
245 0 0 _aCrónica del Patronato Nacional de San Pablo
_b: (1943-1951).
260 _aMadrid :
_b[s.n.],
_c1951 (
_fGráficas Reunidas)
300 _a379 p. ;
_c21 cm.
500 _aPrecede al tít.: Ministerio de Justicia.
710 1 _aEspaña.
_bMinisterio de Justicia
_93895
710 2 _aPatronato Nacional de San Pablo para Presos y Penados.
_96193
852 _aES-MaACL
_jD-6044
_bR.31624
999 _c50166
_d50166